000 00287nam a2200121Ia 4500
005 20251222144624.0
008 251222s9999||||xx |||||||||||||| ||spa||
082 _a869.56/E77PA
100 _aEscobar, Alberto
245 0 _aLa Partida Inconclusa
264 _bUniversitaria
942 _cLIB
999 _c16047
_d16047